Score 0/24 Timer 07:00
0 Plays Today
HINT ANSWER % Correct
AVONNOVA
92.1%
SONYNOSY
75.5%
MO√čTMOTE...
73.2%
TESLALEAST...
72.1%
LEVI'SEVILS...
70.5%
PEPSIPIPES
66.9%
NIKEKINE
66.9%
FENDIFIEND...
55.7%
EPSONOPENS...
49%
TESCOCOTES
46%
ARBY'SBRAYS
44.3%
FOLGERSGOLFERS
43.3%
HINT ANSWER % Correct
NIVEANAIVE...
43.1%
PONTIACCAPTION
36.1%
ARMANIMARINA...
28.5%
AMSTELMETALS...
27.2%
SIEMENSNEMESIS
21.3%
PORSCHEPORCHES
17.4%
RENAULTNEUTRAL
13.3%
LACOSTELACTOSE...
12.1%
DIRECTVVERDICT
10.7%
HASBROABHORS
6.5%
CARTIERERRATIC
5.4%
NESPRESSORESPONSES
5.2%

You're not logged in!

Compare scores with friends on all Sporcle quizzes.
OR
Log In

Sporcle TV

Today on Sporcle TV


Watch our educational content, quiz creation guides, and fun videos on Sporcle TV.

Show Comments

Extras

Top Quizzes Today


Score Distribution

Paid Content

Your Account Isn't Verified!

In order to create a playlist on Sporcle, you need to verify the email address you used during registration. Go to your Sporcle Settings to finish the process.

Report this User

Report this user for behavior that violates our Community Guidelines.

Details: